Complicitatea fertilă (poeţi români, 1950-1973)

Podrobná bibliografia
Hlavný autor: Constantin, Ilie (Autor)
Médium: Kniha
Jazyk:rumunčina
Fyzický popis:214 s. 20 cm
Vydavateľské údaje: Cluj [etc.] Dacia 1994
ISBN:9733504017
Predmet:

MARC

LEADER 00000nam a2200000 a 4500
001 vtls001218719
003 SK-MaSNL
005 20260301234034.0
008 240318s1994 RO 0 rum
020 |a 9733504017  |c [55,00] 
035 |a SNK000162511 
040 |a SNK  |b slo  |c SNK  |e AACR2 
044 |a RO 
080 |a 859.0-14(091)"1950/1973"  |2 1981 
100 1 |a Constantin, Ilie  |4 aut  |9 629477 
245 1 0 |a Complicitatea fertilă  |b (poeţi români, 1950-1973)  |c Ilie Constantin ; traducere de Liana şi Valentin Atanasiu 
260 |a Cluj [etc.]  |b Dacia  |c 1994 
300 |a 214 s.  |c 20 cm 
648 7 |a 1950-1973  |2 SNK  |9 629478 
650 0 7 |a rumunská poézia  |2 SNKPH  |9 88494 
655 7 |a štúdie  |2 SNKPH  |9 57033 
919 |a 973-35-0401-7 
999 |c 968702  |d 970632 
952 |t P60, <04>, [BOOK], {604}  |a SNK  |b SNK  |y VYP  |7 0  |p 17A0008117  |o snkID 95862  |i snkV 1264/96  |0 0  |1 0  |4 0  |d 1996-07-31  |l 0  |r 2005-01-01 00:00:00  |w 2026-02-24